| 000 | 00388cam a22001451 4500 | ||
|---|---|---|---|
| 082 |
_a304.6 _bCAR |
||
| 100 | 2 |
_aCarr-Saunders, A. M. _949239 |
|
| 245 | 1 | 0 | _aWorld population, past growth and present trends. |
| 260 |
_bBarnes & Noble _c[1965] |
||
| 300 | _a336 p. | ||
| 526 |
_a0 _b0 _c0 _d304_600000000000000_CAR |
||
| 650 | 0 |
_aMCE _9379 |
|
| 650 | 0 |
_aPopulation. _93628 |
|
| 942 |
_2ddc _cBK |
||
| 999 |
_c552049 _d552049 |
||